The Lord from heaven; (Record no. 5064)
[ view plain ]
| 000 -LEADER | |
|---|---|
| fixed length control field | 00765cam a22002531 4500 |
| 001 - CONTROL NUMBER | |
| control field | 7007755 |
| 003 - CONTROL NUMBER IDENTIFIER | |
| control field | GBCCL |
| 005 - DATE AND TIME OF LATEST TRANSACTION | |
| control field | 20241126110532.0 |
| 008 - FIXED-LENGTH DATA ELEMENTS--GENERAL INFORMATION | |
| fixed length control field | 750929s1958 xx 000 0 eng |
| 010 ## - | |
| -- | 58013514 |
| 035 ## - SYSTEM CONTROL NUMBER | |
| System control number | (OCoLC)1662288 |
| 040 ## - CATALOGING SOURCE | |
| Original cataloging agency | DLC |
| Transcribing agency | MCW |
| Modifying agency | DLC |
| 042 ## - | |
| -- | premarc |
| 050 00 - | |
| -- | BT202 |
| -- | .M58 1958 |
| 082 ## - DEWEY DECIMAL CLASSIFICATION NUMBER | |
| Classification number | 232.9 |
| Item number | MOR |
| 100 1# - MAIN ENTRY--PERSONAL NAME | |
| Personal name | Morris, Leon, |
| Dates associated with a name | 1914-2006. |
| 9 (RLIN) | 4795 |
| 245 14 - TITLE STATEMENT | |
| Title | The Lord from heaven; |
| Remainder of title | a study of the New Testament teaching on the deity and humanity of Jesus Christ. |
| 260 ## - PUBLICATION, DISTRIBUTION, ETC. | |
| Place of publication, distribution, etc. | Grand Rapids, |
| Name of publisher, distributor, etc. | IVP |
| Date of publication, distribution, etc. | 1995, [1958] |
| 300 ## - PHYSICAL DESCRIPTION | |
| Extent | 112 p. |
| Dimensions | 19 cm. |
| 490 0# - SERIES STATEMENT | |
| Series statement | A Pathway book |
| 600 00 - SUBJECT ADDED ENTRY--PERSONAL NAME | |
| Personal name | Jesus Christ |
| General subdivision | Person and offices. |
| 9 (RLIN) | 268 |
| 906 ## - LOCAL DATA ELEMENT F, LDF (RLIN) | |
| a | 7 |
| b | cbc |
| c | oclcrpl |
| d | u |
| e | ncip |
| f | 19 |
| g | y-gencatlg |
| 942 ## - ADDED ENTRY ELEMENTS (KOHA) | |
| Source of classification or shelving scheme | Dewey Decimal Classification |
| Koha item type | Books |
| Koha issues (borrowed), all copies | 3 |
| Withdrawn status | Lost status | Source of classification or shelving scheme | Damaged status | Not for loan | Home library | Current Library | Shelving location | Date acquired | Total checkouts | Total renewals | Full call number | Barcode | Date last seen | Date last checked out | Copy number | Price effective from | Koha item type |
|---|---|---|---|---|---|---|---|---|---|---|---|---|---|---|---|---|---|
| Dewey Decimal Classification | GRACE BIBLE COLLEGE | GRACE BIBLE COLLEGE | Theology | 2018-02-23 | 3 | 1 | 232.9 MOR | 000884 | 2025-05-01 | 2023-02-22 | c.1 | 2018-02-23 | Books |